| 000 | 03432nam a2200481 a 4500 | ||
|---|---|---|---|
| 005 | 20091210142547.0 | ||
| 008 | 050202s2006 nyuab c 000 1 eng | ||
| 010 | _aB-386364-374 | ||
| 020 |
_a9780060577360 _c263.00 |
||
| 035 | _aB-386364-374 | ||
| 037 | _bBlueberry Books | ||
| 040 |
_adpl _bEnglish |
||
| 082 | _aS | ||
| 100 | _aSage, Angie | ||
| 245 |
_aFlyte / _cby Angie Sage ; illustrated by Mark Zug |
||
| 260 |
_aNew York _bKatherine Tegen Books _c2007 |
||
| 270 |
_a53rd Street _bNew York _e10022 |
||
| 300 |
_a532 p. : _bill. _c19cm(pbk) |
||
| 490 |
_aSeptimus Heap ; _vbook. 2 |
||
| 505 | _aIncludes mini CD-ROM. Contents: Avoid sleuth! -- Top 10 tips for counter-feet players -- Guide to hatching dragons -- Aunt Zelda's problem page -- Web links for Septimus Heap -- Screensaver -- Game: The bones of DomDaniel -- About the author -- About Magyk, Flyte (Septimus Heap books 1 & 2) | ||
| 520 | _aWhen Princess Jenna is pursued by a dark wizard, it is the apprentice, Septimus Heap, who must save her while enduring such terrors as a night in the Forest with hungry wolverines and carnivorous trees. | ||
| 650 |
_aPrincesses _vJuvenile fiction. |
||
| 650 |
_aWizards _vJuvenile fiction. |
||
| 650 |
_aMagic _vJuvenile fiction. |
||
| 650 |
_aPrincesses _vFiction. |
||
| 650 |
_aWizards _vFiction. |
||
| 650 |
_aMagic _vFiction. |
||
| 650 | _aFantasy. | ||
| 700 | _aZug, Mark, | ||
| 942 |
_2ddc _cCH _hS _mSAG |
||
| 999 |
_c32453 _d32453 |
||